| 000 | 00608nam a22001817a 4500 | ||
|---|---|---|---|
| 005 | 20170619154915.0 | ||
| 010 | _aENG-118871 | ||
| 020 |
_a9789386296825 _c88.00 |
||
| 035 | _aEN-102403 | ||
| 037 | _bDBAD/PUB | ||
| 082 | _a485 | ||
| 245 |
_aEngage with english / _cby Board of Editors |
||
| 260 |
_aTelangana _bOrient Blackswan _c2016 |
||
| 270 | _a3-6-752 Himayatnagar, Hyderabad-500029, Telangana, India | ||
| 300 |
_a146p _c24cm.(pbk) |
||
| 505 | _aPrepared for UG general english, semester II, as per the revised andhra pradesh common core syllabus | ||
| 942 |
_2ddc _cEN _h485 _mENG |
||
| 999 |
_c141399 _d141399 |
||